[Event "Toronto op U1600"]
[Site "Toronto"]
[Date "2014.04.20"]
[Round "5"]
[White "England, Max"]
[Black "Archibald, Colin B"]
[Result "1-0"]
[WhiteElo "1029"]
[BlackElo "1393"]
[PlyCount "103"]
[EventDate "2014.04.18"]
[EventType "swiss"]
[EventRounds "6"]
[EventCountry "CAN"]
[SourceTitle "EXT 2022"]
[Source "ChessBase"]
[SourceDate "2021.10.06"]
[SourceVersion "1"]
[SourceVersionDate "2021.10.06"]
[SourceQuality "1"]

1. e4 c6 2. d4 d5 3. Nc3 dxe4 4. Nxe4 Bf5 5. Bd3 Qxd4 6. Nf3 Qd5 7. Qe2 Bxe4 8. Bxe4 Qd8 9. 0-0 Nf6 10. Rd1 Nbd7 11. Ne5 Qc7 12. Nxd7 Nxd7 13. Qf3 Nf6 14. Bf4 Qc8 15. Bd3 e6 16. Rd2 Be7 17. Rad1 0-0 18. Qh3 b6 19. Be5 g6 20. Qh4 Kg7 21. g4 h6 22. g5 hxg5 23. Qxg5 Rh8 24. Be2 Qe8 25. Rd3 a5 26. Rf3 Rh5 27. Bxf6+ Bxf6 28. Qxf6+ Kg8 29. Rf4 Rf5 30. Rxf5 exf5 31. Bc4 b5 32. Qxg6+ Kf8 33. Qh6+ Kg8 34. Bf1 Qe6 35. Qxe6 fxe6 36. Rd6 Kf7 37. Rxc6 Rb8 38. Rc5 b4 39. Rxa5 Rb6 40. Bc4 Kf6 41. Ra6 Rb7 42. Rxe6+ Kg5 43. Re1 Kf4 44. Ra1 Rd7 45. a4 bxa3 46. bxa3 Rd2 47. a4 Rxc2 48. Bf1 Rc7 49. a5 Rg7+ 50. Bg2 Ke5 51. a6 f4 52. a7 1-0

[Event "Toronto op U1600"]
[Site "Toronto"]
[Date "2014.04.19"]
[Round "4"]
[White "Kurkowski, Ken"]
[Black "Archibald, Colin B"]
[Result "1-0"]
[WhiteElo "1479"]
[BlackElo "1393"]
[PlyCount "77"]
[EventDate "2014.04.18"]
[EventType "swiss"]
[EventRounds "6"]
[EventCountry "CAN"]
[SourceTitle "EXT 2022"]
[Source "ChessBase"]
[SourceDate "2021.10.06"]
[SourceVersion "1"]
[SourceVersionDate "2021.10.06"]
[SourceQuality "1"]

1. d4 d5 2. c4 e6 3. Nc3 Nf6 4. cxd5 exd5 5. Bg5 Be7 6. e3 c6 7. Bd3 Be6 8. Nf3 Nbd7 9. 0-0 h6 10. Bh4 0-0 11. a3 Re8 12. b4 a6 13. Rc1 Bd6 14. Na4 Qe7 15. Nc5 Nxc5 16. bxc5 Bc7 17. Rb1 Bc8 18. Bg3 Ne4 19. Bxe4 Bxg3 20. hxg3 Qxe4 21. Ne5 Re7 22. Qf3 Bf5 23. Qxe4 Bxe4 24. Rb6 f6 25. Nf3 Bd3 26. Rd1 Bb5 27. Nh4 Rd7 28. Nf5 Be2 29. Rd2 Bb5 30. Nd6 Rb8 31. Rb2 Kf8 32. Rb4 a5 33. Rb2 a4 34. Nxb5 cxb5 35. R2xb5 Ra8 36. Rxb7 Ra7 37. c6 Rc7 38. Rxa7 Rxa7 39. Rb8+ 1-0

[Event "CAN-ch Seniors"]
[Site "Kitchener"]
[Date "2010.08.01"]
[Round "5"]
[White "Archibald, Colin B"]
[Black "Solis, Jaime"]
[Result "1/2-1/2"]
[WhiteElo "1420"]
[BlackElo "1828"]
[PlyCount "90"]
[EventDate "2010.07.30"]
[EventType "swiss"]
[EventRounds "7"]
[EventCountry "CAN"]
[SourceTitle "EXT 2022"]
[Source "ChessBase"]
[SourceDate "2021.10.06"]
[SourceVersion "1"]
[SourceVersionDate "2021.10.06"]
[SourceQuality "1"]

1. d4 Nf6 2. Bf4 g6 3. Nf3 Bg7 4. h3 d6 5. e3 c6 6. c3 Nbd7 7. Be2 a5 8. a4 Nb6 9. Nbd2 0-0 10. 0-0 Nbd7 11. Qc2 Re8 12. Rfe1 e5 13. dxe5 dxe5 14. Bh2 h6 15. Ne4 Qc7 16. Rad1 Bf8 17. Rd2 Kg7 18. Bf1 b6 19. Red1 Bb7 20. Nd6 Bxd6 21. Rxd6 Red8 22. Be2 Nd5 23. Rxd7 Rxd7 24. g4 f6 25. h4 Ne7 26. Nd4 Ng8 27. Bc4 Rd6 28. h5 Ne7 29. Ne6+ Rxe6 30. Bxe6 Rd8 31. f4 Rxd1+ 32. Qxd1 Bc8 33. Bb3 exf4 34. exf4 gxh5 35. gxh5 Qd7 36. Qxd7 Bxd7 37. Bd1 Kf7 38. Bg3 Be6 39. Bf2 Nc8 40. b4 Ke7 41. bxa5 bxa5 42. Bc5+ Kd7 43. Bd4 Ke7 44. Kf2 Kf7 45. Kg3 Bd7 1/2-1/2

[Event "CAN-ch Seniors"]
[Site "Kitchener"]
[Date "2010.07.30"]
[Round "1"]
[White "Maheux, Pierre"]
[Black "Archibald, Colin B"]
[Result "1-0"]
[WhiteElo "1846"]
[BlackElo "1420"]
[PlyCount "85"]
[EventDate "2010.07.30"]
[EventType "swiss"]
[EventRounds "7"]
[EventCountry "CAN"]
[SourceTitle "EXT 2022"]
[Source "ChessBase"]
[SourceDate "2021.10.06"]
[SourceVersion "1"]
[SourceVersionDate "2021.10.06"]
[SourceQuality "1"]

1. e4 g6 2. d4 b6 3. Nf3 Bg7 4. Bc4 h6 5. 0-0 e6 6. Nc3 Ne7 7. Re1 Bb7 8. Be3 a6 9. a4 d6 10. Qd2 Nd7 11. Rad1 g5 12. h4 g4 13. Nh2 h5 14. Bg5 Nf8 15. f4 gxf3 16. Nxf3 Nfg6 17. Qf2 Qd7 18. b4 Rf8 19. e5 d5 20. Be2 Rh8 21. Bd3 Ng8 22. Rf1 Rc8 23. b5 a5 24. Qg3 N8e7 25. Bxe7 Qxe7 26. Bxg6 fxg6 27. Qxg6+ Kd7 28. Ng5 Rcf8 29. Nxe6 Qxe6 30. Qxg7+ Qe7 31. Qxe7+ Kxe7 32. Rxf8 Rxf8 33. Rf1 Rxf1+ 34. Kxf1 Ke6 35. Kf2 Bc8 36. Kf3 Bd7 37. g4 hxg4+ 38. Kxg4 Kf7+ 39. Kg5 Be6 40. h5 Ke7 41. Kh6 Kf7 42. Ne2 Kg8 43. Nf4 1-0